[Event "Tch-CRO 1stB Liga 2017"]
[Site "Mali Losinj"]
[Date "2017.09.28"]
[Round "1.11"]
[White "Feller, Sebastien"]
[Black "Stojanovski, Dejan"]
[Result "1-0"]
[WhiteElo "2569"]
[BlackElo "2454"]
[PlyCount "95"]
[EventDate "2017.09.28"]
[EventType "team"]
[EventRounds "9"]
[EventCountry "CRO"]

1. c4 c5 2. Nf3 Nf6 3. Nc3 g6 4. d4 cxd4 5. Nxd4 Nc6 6. g3 Bg7 7. Bg2 O-O 8.
O-O Qa5 9. Nb3 Qh5 10. Nd5 g5 11. e4 Qxd1 12. Rxd1 h6 13. c5 e6 14. Ne3 b6 15.
Bd2 Ne8 16. Bc3 Bxc3 17. bxc3 Rb8 18. f4 bxc5 19. e5 gxf4 20. gxf4 f6 21. Bxc6
dxc6 22. Rd2 fxe5 23. fxe5 c4 24. Nxc4 Ba6 25. Nca5 Rb5 26. Re1 Rf5 27. Nxc6
Rg5+ 28. Kf2 Bb7 29. Nba5 Bxc6 30. Nxc6 Rc5 31. Nd4 Rcxe5 32. Rb1 Rg7 33. Rb8
Kf8 34. Nf3 Rd5 35. Rxd5 exd5 36. Nd4 Rf7+ 37. Ke3 Rf6 38. Nb5 Rb6 39. Rxb6
axb6 40. Kd4 Ke7 41. Kxd5 Kd7 42. Ke5 Kc6 43. a4 Kc5 44. Ke6 Ng7+ 45. Kf6 Nh5+
46. Kf5 Kc4 47. Nc7 Kxc3 48. Ne6 1-0

[Event "Tch-CRO 1stB Liga 2017"]
[Site "Mali Losinj"]
[Date "2017.09.28"]
[Round "1.12"]
[White "Saric, Ante"]
[Black "Bogut, Zeljko"]
[Result "0-1"]
[WhiteElo "2549"]
[BlackElo "2411"]
[PlyCount "140"]
[EventDate "2017.09.28"]
[EventType "team"]
[EventRounds "9"]
[EventCountry "CRO"]

1. Nf3 Nf6 2. c4 c5 3. Nc3 e6 4. g3 d5 5. cxd5 exd5 6. d4 Nc6 7. Bg2 cxd4 8.
Nxd4 Be7 9. O-O O-O 10. Be3 Be6 11. Qa4 Qd7 12. Nxe6 fxe6 13. Rad1 Bd6 14. Bg5
Rad8 15. e4 d4 16. Ne2 e5 17. Nc1 h6 18. Bxf6 Rxf6 19. Nd3 Nb4 20. Qxa7 Nxd3
21. Rxd3 Bb4 22. Rb3 Ra6 23. Qxa6 bxa6 24. Rxb4 d3 25. Bf3 a5 26. Rb3 Qd4 27.
Rd1 d2 28. Kg2 Rf8 29. a3 g5 30. h3 Kg7 31. Re3 Rc8 32. b4 axb4 33. axb4 Rc1
34. b5 Rxd1 35. Bxd1 Qa1 36. Bf3 d1=R 37. Bxd1 Qxd1 38. Ra3 Qd4 39. Kf3 h5 40.
Re3 Qd1+ 41. Kg2 Qb1 42. g4 hxg4 43. hxg4 Qxb5 44. Re1 Qd3 45. f3 Qd2+ 46. Kf1
Kf7 47. Re2 Qd3 48. Kf2 Ke7 49. Re3 Qd2+ 50. Re2 Qd4+ 51. Kg2 Kd6 52. Rc2 Qd1
53. Rc8 Qe2+ 54. Kg3 Qf1 55. Rd8+ Kc5 56. Rc8+ Kb5 57. Re8 Qg1+ 58. Kh3 Kc4 59.
Rxe5 Qh1+ 60. Kg3 Qh4+ 61. Kg2 Kd3 62. Ra5 Ke3 63. Ra3+ Kf4 64. e5 Qg3+ 65. Kf1
Kxe5 66. Re3+ Kf4 67. Re4+ Kxf3 68. Re3+ Kxg4 69. Rxg3+ Kxg3 70. Kg1 g4 0-1

[Event "Tch-CRO 1stB Liga 2017"]
[Site "Mali Losinj"]
[Date "2017.09.28"]
[Round "1.13"]
[White "Galic, Ivan"]
[Black "Saric, Ibro"]
[Result "0-1"]
[WhiteElo "2395"]
[BlackElo "2553"]
[PlyCount "110"]
[EventDate "2017.09.28"]
[EventType "team"]
[EventRounds "9"]
[EventCountry "CRO"]

1. e4 c5 2. Nf3 Nc6 3. Bb5 g6 4. O-O Bg7 5. Re1 e5 6. Bxc6 dxc6 7. h3 Nh6 8. d3
f6 9. Be3 b6 10. c3 Nf7 11. d4 cxd4 12. cxd4 exd4 13. Bxd4 O-O 14. b4 Qe7 15.
Qb3 Be6 16. Qb2 Rfb8 17. Nc3 Qf8 18. Ne2 Qe7 19. Nf4 Rd8 20. Rac1 Rac8 21. a3
Bd7 22. Qc3 Re8 23. Rcd1 Ne5 24. Qb3+ Kh8 25. Bb2 Rcd8 26. Nxe5 fxe5 27. Nd3
Bc8 28. a4 Rd6 29. Re3 Red8 30. Rde1 Be6 31. Qc3 Rd4 32. Qa3 a5 33. Bxd4 exd4
34. Rf3 axb4 35. Nxb4 Rc8 36. Rc1 c5 37. Nd5 Qd6 38. Qb3 Rb8 39. Rb1 Be5 40.
Qc4 Rd8 41. Qa6 Bxd5 42. Rxb6 Qd7 43. exd5 Qxd5 44. Rb7 d3 45. Rff7 Qxf7 46.
Rxf7 d2 47. Rf8+ Rxf8 48. Qd3 Bf4 49. g3 Re8 50. Kg2 Re1 51. Qc3+ Kg8 52. Qc4+
Kg7 53. Qc3+ Kh6 54. Qxc5 d1=Q 55. Qf8+ Kh5 0-1

[Event "Tch-CRO 1stB Liga 2017"]
[Site "Mali Losinj"]
[Date "2017.09.28"]
[Round "1.14"]
[White "Plenca, Julijan"]
[Black "Bender, Ivan"]
[Result "0-1"]
[WhiteElo "2416"]
[BlackElo "2231"]
[PlyCount "76"]
[EventDate "2017.09.28"]
[EventType "team"]
[EventRounds "9"]
[EventCountry "CRO"]

1. e4 c5 2. Nf3 d6 3. Bb5+ Bd7 4. Bxd7+ Qxd7 5. d4 cxd4 6. Qxd4 Nc6 7. Qd3 Rb8
8. O-O Nf6 9. Bg5 Ng4 10. Bf4 g6 11. h3 Nf6 12. c4 b5 13. c5 e5 14. Bg5 dxc5
15. Qe2 Be7 16. Bxf6 Bxf6 17. Nc3 Nd4 18. Nxd4 exd4 19. Nd5 Bg7 20. Rac1 c4 21.
b3 c3 22. Rfd1 Qb7 23. h4 O-O 24. a4 a6 25. h5 Rfe8 26. Qf3 Re6 27. axb5 axb5
28. Rd3 g5 29. h6 Rxh6 30. Qg3 Re8 31. Qxg5 Rg6 32. Qh4 Rh6 33. Qg4 Qb8 34. g3
Qe5 35. Re1 Rg6 36. Qd7 Rd6 37. f4 Rxd5 38. Qc6 Rd6 0-1

[Event "Tch-CRO 1stB Liga 2017"]
[Site "Mali Losinj"]
[Date "2017.09.28"]
[Round "1.15"]
[White "Brnas, Augustin"]
[Black "Matko, Ognjen"]
[Result "0-1"]
[WhiteElo "2203"]
[BlackElo "2330"]
[PlyCount "50"]
[EventDate "2017.09.28"]
[EventType "team"]
[EventRounds "9"]
[EventCountry "CRO"]

1. e4 c5 2. Nf3 e6 3. d4 cxd4 4. Nxd4 Nc6 5. Nc3 Nf6 6. Be2 Bb4 7. Bf3 d5 8.
exd5 Nxd5 9. Nxc6 bxc6 10. O-O O-O 11. Ne2 Ba6 12. c3 Bd6 13. Qa4 Bxe2 14. Bxe2
Qc7 15. Qh4 Rab8 16. Bd3 f5 17. Re1 e5 18. Bc4 Kh8 19. Re2 e4 20. g3 Ne7 21.
Qh5 Ng6 22. Re1 Rbe8 23. Be2 f4 24. Qh3 e3 25. fxe3 f3 0-1

[Event "Tch-CRO 1stB Liga 2017"]
[Site "Mali Losinj"]
[Date "2017.09.28"]
[Round "1.16"]
[White "Bobanac, Miro"]
[Black "Separovic, Tomislav"]
[Result "1/2-1/2"]
[WhiteElo "2292"]
[BlackElo "2187"]
[PlyCount "70"]
[EventDate "2017.09.28"]
[EventType "team"]
[EventRounds "9"]
[EventCountry "CRO"]

1. b3 e5 2. Bb2 Nc6 3. e3 a6 4. Nf3 e4 5. Nd4 Nxd4 6. exd4 d5 7. d3 Nf6 8. Nd2
Bf5 9. dxe4 Nxe4 10. Nxe4 Bxe4 11. f3 Bf5 12. Bd3 Bxd3 13. Qxd3 Qd7 14. O-O-O
O-O-O 15. Rde1 Bd6 16. Kd1 h6 17. Bc3 Rde8 18. Rxe8+ Rxe8 19. Re1 Rxe1+ 20.
Bxe1 Qe6 21. h3 f5 22. c4 c6 23. Bd2 h5 24. a4 Bg3 25. cxd5 Qxd5 26. Qc4 Qxc4
27. bxc4 b5 28. axb5 axb5 29. Kc2 Kd7 30. Kd3 Bd6 31. d5 bxc4+ 32. Kxc4 g6 33.
Kd4 cxd5 34. Kxd5 Bc7 35. Bg5 Bb8 1/2-1/2

[Event "Tch-CRO 1stB Liga 2017"]
[Site "Mali Losinj"]
[Date "2017.09.28"]
[Round "1.21"]
[White "Pijpers, Arthur"]
[Black "Sedlak, Nikola"]
[Result "1-0"]
[WhiteElo "2462"]
[BlackElo "2547"]
[PlyCount "97"]
[EventDate "2017.09.28"]
[EventType "team"]
[EventRounds "9"]
[EventCountry "CRO"]

1. e4 c5 2. Nc3 e6 3. Nf3 a6 4. d4 cxd4 5. Nxd4 Qc7 6. Bd3 Nf6 7. f4 d6 8. O-O
b5 9. Kh1 Bb7 10. Qe2 Nbd7 11. Bd2 h5 12. a4 b4 13. Nd1 h4 14. Nf2 Nc5 15. Bxb4
h3 16. g3 e5 17. Nf3 exf4 18. gxf4 Ne6 19. f5 Nf4 20. Qd2 Ng2 21. Bc3 Be7 22.
Nxh3 Nh4 23. Rae1 Nxf5 24. exf5 Rxh3 25. Kg2 Rh4 26. Bxf6 gxf6 27. Rxe7+ Qxe7
28. Re1 Re4 29. Bxe4 Bxe4 30. Kf1 d5 31. c4 Rb8 32. cxd5 Rb3 33. Re3 Rxe3 34.
Qxe3 Bxf5 35. Qxe7+ Kxe7 36. Nd2 Bd7 37. Ne4 Bf5 38. Nc3 Kd6 39. b4 Ke5 40. b5
axb5 41. axb5 Kd6 42. Kf2 Kc5 43. Ke3 Bg6 44. Kf4 Bd3 45. h4 Bg6 46. Kg4 Bh7
47. h5 Bd3 48. Kf4 Bh7 49. Ne4+ 1-0

[Event "Tch-CRO 1stB Liga 2017"]
[Site "Mali Losinj"]
[Date "2017.09.28"]
[Round "1.22"]
[White "Nemeth, Miklos"]
[Black "Sprenger, Jan Michael"]
[Result "1/2-1/2"]
[WhiteElo "2489"]
[BlackElo "2514"]
[PlyCount "67"]
[EventDate "2017.09.28"]
[EventType "team"]
[EventRounds "9"]
[EventCountry "CRO"]

1. e4 c5 2. Nf3 Nc6 3. d4 cxd4 4. Nxd4 Nf6 5. Nc3 d6 6. Bg5 e6 7. Qd2 Qb6 8.
Nb3 a6 9. O-O-O Be7 10. f4 O-O 11. g3 Rd8 12. Bg2 a5 13. a4 Nb4 14. Qd4 Qxd4
15. Nxd4 h6 16. Bxf6 Bxf6 17. Ndb5 Be7 18. Rd2 e5 19. Nc7 Rb8 20. N3d5 Nxd5 21.
Nxd5 Kf8 22. Nb6 Bd7 23. Kb1 exf4 24. gxf4 Bc6 25. Rhd1 g5 26. fxg5 Bxg5 27.
Rxd6 Rxd6 28. Rxd6 Rd8 29. Rd3 Rxd3 30. cxd3 Bd8 31. Nc4 Bxa4 32. e5 Bb5 33.
Bxb7 Bxc4 34. dxc4 1/2-1/2

[Event "Tch-CRO 1stB Liga 2017"]
[Site "Mali Losinj"]
[Date "2017.09.28"]
[Round "1.23"]
[White "Doric, Darko"]
[Black "Krstic, Uros"]
[Result "1-0"]
[WhiteElo "2467"]
[BlackElo "2395"]
[PlyCount "69"]
[EventDate "2017.09.28"]
[EventType "team"]
[EventRounds "9"]
[EventCountry "CRO"]

1. d4 d6 2. e4 Nf6 3. f3 Nbd7 4. c4 e5 5. d5 Be7 6. Be3 O-O 7. Qd2 Ne8 8. Nc3
c5 9. g3 a6 10. a4 g6 11. Bh6 Ng7 12. Bd3 Nf6 13. h4 Kh8 14. Nge2 Ng8 15. Be3
f5 16. h5 gxh5 17. O-O-O fxe4 18. Bxe4 Nf6 19. Bd3 Rf7 20. Qc2 b5 21. g4 bxc4
22. Bxc4 Nd7 23. Ne4 Nb6 24. Ba2 Rxf3 25. Bh6 h4 26. Bb1 Qg8 27. a5 Nxd5 28.
Rxd5 Ne6 29. Nxd6 Nd4 30. Nxd4 cxd4 31. Qe4 Bg5+ 32. Bxg5 Qxg5+ 33. Kd1 Ra7 34.
Nxc8 Re3 35. Qf5 1-0

[Event "Tch-CRO 1stB Liga 2017"]
[Site "Mali Losinj"]
[Date "2017.09.28"]
[Round "1.24"]
[White "Trbojevic, Mladen"]
[Black "Rade, Miroslav"]
[Result "1-0"]
[WhiteElo "2338"]
[BlackElo "2432"]
[PlyCount "107"]
[EventDate "2017.09.28"]
[EventType "team"]
[EventRounds "9"]
[EventCountry "CRO"]

1. e4 e5 2. Nf3 Nc6 3. Bb5 a6 4. Ba4 Nf6 5. O-O b5 6. Bb3 Bb7 7. d3 Bd6 8. a4
O-O 9. Nc3 b4 10. Nd5 Na5 11. Nxf6+ Qxf6 12. Ba2 c5 13. c3 Rab8 14. cxb4 cxb4
15. Bg5 Qg6 16. Be3 Bc6 17. Nh4 Qf6 18. Nf5 Rfe8 19. f4 b3 20. fxe5 Qxe5 21.
Nxd6 Qxd6 22. Bb1 Qe6 23. Qd2 Nb7 24. Bd4 f6 25. Bc3 Nc5 26. Bd4 Nb7 27. Re1
Nd6 28. Bf2 Qg4 29. Bg3 Qe6 30. d4 Qe7 31. d5 Ba8 32. Bd3 Rbc8 33. e5 Nf7 34.
Bxa6 Rc2 35. exf6 Qc5+ 36. Bf2 Rb8 37. Bxc5 Rxd2 38. Rad1 Rxb2 39. fxg7 Rc2 40.
Ba7 Rd8 41. Bb6 Rb8 42. a5 d6 43. Bd3 Rc3 44. Bf5 Ne5 45. Bd4 Rc4 46. Bb2 Bb7
47. Rxe5 dxe5 48. Be6+ Kxg7 49. Bxe5+ Kg6 50. Bxb8 b2 51. Rf1 Ba6 52. Bf5+ Kg5
53. Bb1 Rd4 54. Re1 1-0

[Event "Tch-CRO 1stB Liga 2017"]
[Site "Mali Losinj"]
[Date "2017.09.28"]
[Round "1.25"]
[White "Ivic, Mateo"]
[Black "Vernacki, Srdjan"]
[Result "1/2-1/2"]
[WhiteElo "2232"]
[BlackElo "2324"]
[PlyCount "70"]
[EventDate "2017.09.28"]
[EventType "team"]
[EventRounds "9"]
[EventCountry "CRO"]

1. e4 c5 2. Nf3 e6 3. d4 cxd4 4. Nxd4 a6 5. Nc3 Qc7 6. g3 Nf6 7. Bg2 Be7 8. O-O
d6 9. Be3 O-O 10. a4 Nc6 11. Nxc6 bxc6 12. a5 Nd7 13. Na4 Rb8 14. Nb6 Nxb6 15.
Bxb6 Qd7 16. c4 Bf6 17. Ra3 c5 18. Rd3 Bd4 19. Rxd4 cxd4 20. Qxd4 e5 21. Qd3
Qc6 22. Rd1 Be6 23. b3 Rxb6 24. axb6 d5 25. Bf1 Rd8 26. Qc3 h6 27. Bd3 Rb8 28.
Bc2 Qc5 29. Ra1 Rxb6 30. Kf1 Qc7 31. Ke2 Qd7 32. f3 Rb4 33. Qd2 Rb6 34. Qc3 Rb4
35. Qd2 Rb6 1/2-1/2

[Event "Tch-CRO 1stB Liga 2017"]
[Site "Mali Losinj"]
[Date "2017.09.28"]
[Round "1.26"]
[White "Horvat, David"]
[Black "Susak, Zeljko"]
[Result "1-0"]
[WhiteElo "2211"]
[BlackElo "2215"]
[PlyCount "59"]
[EventDate "2017.09.28"]
[EventType "team"]
[EventRounds "9"]
[EventCountry "CRO"]

1. e4 c5 2. Nf3 Nc6 3. d4 cxd4 4. Nxd4 Nf6 5. Nc3 d6 6. Bc4 Qb6 7. Nb3 e6 8.
O-O Be7 9. Kh1 a6 10. f4 Qc7 11. Bd3 b5 12. Qf3 Bb7 13. Bd2 h5 14. a4 b4 15.
Na2 d5 16. exd5 Nxd5 17. Qe2 Nf6 18. Be3 h4 19. h3 Nh5 20. Qf2 Ng3+ 21. Kg1
Nxf1 22. Rxf1 O-O 23. Nc5 g6 24. Nc1 Nb8 25. Nxb7 Qxb7 26. f5 exf5 27. Bxf5 Nd7
28. Nd3 Kg7 29. Qf4 Rh8 30. Be4 1-0

[Event "Tch-CRO 1stB Liga 2017"]
[Site "Mali Losinj"]
[Date "2017.09.28"]
[Round "1.31"]
[White "Fercec, Nenad"]
[Black "Brkic, Ante"]
[Result "0-1"]
[WhiteElo "2460"]
[BlackElo "2563"]
[PlyCount "76"]
[EventDate "2017.09.28"]
[EventType "team"]
[EventRounds "9"]
[EventCountry "CRO"]

1. e4 c5 2. Nf3 d6 3. d4 cxd4 4. Nxd4 Nf6 5. Nc3 a6 6. h3 e6 7. g4 h6 8. Bg2
Be7 9. Be3 Nc6 10. Qe2 Nxd4 11. Bxd4 e5 12. Be3 b5 13. O-O-O b4 14. Nd5 Nxd5
15. exd5 a5 16. Kb1 O-O 17. Be4 Bh4 18. Qd2 f5 19. gxf5 Bxf5 20. f3 Qf6 21.
Rhg1 Bxe4 22. fxe4 g5 23. b3 Qf3 24. Qd3 Kh7 25. Rh1 Bf2 26. Bxf2 Qxd3 27. cxd3
Rxf2 28. Rc1 Raf8 29. Rc6 R8f6 30. Ra6 h5 31. Rxa5 Rf1+ 32. Rxf1 Rxf1+ 33. Kc2
g4 34. hxg4 hxg4 35. Ra7+ Kh6 36. Ra8 g3 37. Rg8 Rf2+ 38. Kd1 g2 0-1

[Event "Tch-CRO 1stB Liga 2017"]
[Site "Mali Losinj"]
[Date "2017.09.28"]
[Round "1.32"]
[White "Petkov, Vladimir"]
[Black "Tratar, Marko"]
[Result "1/2-1/2"]
[WhiteElo "2495"]
[BlackElo "2465"]
[PlyCount "81"]
[EventDate "2017.09.28"]
[EventType "team"]
[EventRounds "9"]
[EventCountry "CRO"]

1. d4 Nf6 2. c4 e6 3. Nc3 Bb4 4. Nf3 c5 5. e3 O-O 6. Bd3 Nc6 7. O-O Bxc3 8.
bxc3 d6 9. e4 e5 10. d5 Ne7 11. Ne1 Ne8 12. Rb1 b6 13. g4 h6 14. f3 g5 15. h4
Ng6 16. hxg5 hxg5 17. Rb2 Kg7 18. Rh2 Nf4 19. Kf2 Rh8 20. Rxh8 Kxh8 21. Rh1+
Kg8 22. Ng2 Qf6 23. Bc2 Bd7 24. Ba4 Bxa4 25. Qxa4 Nxg2 26. Kxg2 Qe7 27. Kg3 f6
28. Qc2 Ng7 29. Qh2 Kf7 30. Qh7 Rf8 31. Rh6 Ke8 32. Kf2 Rf7 33. Rg6 Qf8 34. Qh1
Kd7 35. Rh6 Ne8 36. Rh8 Qe7 37. Qh6 Rg7 38. Ke2 Qf7 39. Qh1 Ke7 40. Kd3 Rg8 41.
Rh2 1/2-1/2

[Event "Tch-CRO 1stB Liga 2017"]
[Site "Mali Losinj"]
[Date "2017.09.28"]
[Round "1.33"]
[White "Zufic, Miroslav"]
[Black "Stocko, Josip"]
[Result "1/2-1/2"]
[WhiteElo "2395"]
[BlackElo "2362"]
[PlyCount "81"]
[EventDate "2017.09.28"]
[EventType "team"]
[EventRounds "9"]
[EventCountry "CRO"]

1. e4 c5 2. Nf3 d6 3. Bb5+ Nd7 4. O-O Ngf6 5. Re1 a6 6. Bd3 e6 7. c3 b6 8. Bc2
Be7 9. d4 Bb7 10. Nbd2 Qc7 11. Nf1 Rc8 12. Bd3 O-O 13. Ng3 Rfe8 14. Bd2 Bf8 15.
Qe2 c4 16. Bc2 e5 17. d5 g6 18. h3 Rb8 19. Be3 Bc8 20. Nd2 b5 21. Rec1 Kh8 22.
b3 cxb3 23. Nxb3 Nb6 24. Bd3 Bd7 25. c4 bxc4 26. Bxc4 Nxc4 27. Rxc4 Qd8 28. Qd2
Bb5 29. Rcc1 Qd7 30. f3 Be7 31. Ne2 Rec8 32. Nc3 Bd8 33. Nxb5 Qxb5 34. Rxc8
Rxc8 35. Rc1 Rxc1+ 36. Qxc1 Bb6 37. Kh2 Bxe3 38. Qxe3 Kg7 39. g4 Nd7 40. Kg3 a5
41. h4 1/2-1/2

[Event "Tch-CRO 1stB Liga 2017"]
[Site "Mali Losinj"]
[Date "2017.09.28"]
[Round "1.34"]
[White "Goric, Esad"]
[Black "Glavas, Dragan"]
[Result "1/2-1/2"]
[WhiteElo "2285"]
[BlackElo "2285"]
[PlyCount "46"]
[EventDate "2017.09.28"]
[EventType "team"]
[EventRounds "9"]
[EventCountry "CRO"]

1. c4 e6 2. g3 d5 3. Bg2 Nf6 4. Nf3 Be7 5. O-O O-O 6. Qc2 d4 7. d3 c5 8. b4
cxb4 9. a3 b3 10. Qxb3 Nc6 11. Nbd2 Nd7 12. Qc2 Nc5 13. Nb3 e5 14. Nxc5 Bxc5
15. Rb1 Qe7 16. Nd2 a5 17. Qa4 Nd8 18. Ne4 Bd7 19. Qb3 a4 20. Qa2 Bc6 21. Nxc5
Qxc5 22. Bxc6 bxc6 23. Bd2 Qa7 1/2-1/2

[Event "Tch-CRO 1stB Liga 2017"]
[Site "Mali Losinj"]
[Date "2017.09.28"]
[Round "1.35"]
[White "Ciganovic, Nikola"]
[Black "Pucovski, Miroslav"]
[Result "1/2-1/2"]
[WhiteElo "2238"]
[BlackElo "2291"]
[PlyCount "57"]
[EventDate "2017.09.28"]
[EventType "team"]
[EventRounds "9"]
[EventCountry "CRO"]

1. e4 c5 2. Nf3 Nc6 3. Bc4 e6 4. O-O a6 5. c3 d5 6. exd5 exd5 7. Bb3 Nf6 8. d4
c4 9. Bc2 Be7 10. Re1 Bg4 11. h3 Bh5 12. Bg5 O-O 13. Nbd2 Re8 14. b3 cxb3 15.
axb3 Bg6 16. Bxg6 hxg6 17. Ne5 Nxe5 18. dxe5 Nd7 19. Bxe7 Rxe7 20. Nf3 Nc5 21.
b4 Ne6 22. Ra5 Nc7 23. Nd4 Qd7 24. Qd3 Rae8 25. f4 g5 26. Nf5 Re6 27. Nd4 R6e7
28. Nf5 Re6 29. Nd4 1/2-1/2

[Event "Tch-CRO 1stB Liga 2017"]
[Site "Mali Losinj"]
[Date "2017.09.28"]
[Round "1.36"]
[White "Bubalovic, Davorin"]
[Black "Novak, Danijel"]
[Result "1-0"]
[WhiteElo "2241"]
[BlackElo "2317"]
[PlyCount "75"]
[EventDate "2017.09.28"]
[EventType "team"]
[EventRounds "9"]
[EventCountry "CRO"]

1. e4 e5 2. Nf3 d6 3. d4 exd4 4. Nxd4 Nf6 5. Nc3 Be7 6. Be2 O-O 7. O-O Re8 8.
Re1 a6 9. a4 h6 10. Qd3 c5 11. Nf5 Bxf5 12. exf5 d5 13. Bf3 c4 14. Qd1 d4 15.
Ne2 Bc5 16. Nf4 Nc6 17. Rxe8+ Qxe8 18. Bd2 Qe5 19. Qe2 Qxf5 20. Bxc6 bxc6 21.
Qxc4 Ne4 22. Nd3 Bd6 23. Be1 c5 24. f3 Nf6 25. Bg3 Bf8 26. Re1 Nd7 27. a5 g5
28. Re4 h5 29. Ne5 Nxe5 30. Rxe5 Qf6 31. Qd5 Rd8 32. Rxg5+ Bg7 33. Qe5 Kh7 34.
Rxh5+ Kg6 35. Qxc5 Bf8 36. Qe5 Rc8 37. Rh4 Qxe5 38. Bxe5 1-0

[Event "Tch-CRO 1stB Liga 2017"]
[Site "Mali Losinj"]
[Date "2017.09.28"]
[Round "1.42"]
[White "Plat, Vojtech"]
[Black "Jakic, Ivan"]
[Result "1-0"]
[WhiteElo "2539"]
[BlackElo "2378"]
[PlyCount "53"]
[EventDate "2017.09.28"]
[EventType "team"]
[EventRounds "9"]
[EventCountry "CRO"]

1. e4 c5 2. Nf3 d6 3. d4 cxd4 4. Nxd4 Nf6 5. Nc3 a6 6. Be2 e6 7. Be3 Nc6 8. O-O
Be7 9. f4 O-O 10. Kh1 Qc7 11. Qe1 Nxd4 12. Bxd4 b5 13. a3 Bb7 14. Qg3 Bc6 15.
Rad1 Qb7 16. Bf3 a5 17. Rfe1 b4 18. e5 dxe5 19. fxe5 Nd5 20. Ne4 Kh8 21. Nd6
Qd7 22. c4 bxc3 23. bxc3 f5 24. c4 Nc7 25. Bb6 f4 26. Qf2 Kg8 27. Nf5 1-0

[Event "Tch-CRO 1stB Liga 2017"]
[Site "Mali Losinj"]
[Date "2017.09.28"]
[Round "1.43"]
[White "Stipic, Marko"]
[Black "Repka, Christopher"]
[Result "0-1"]
[WhiteElo "2167"]
[BlackElo "2475"]
[PlyCount "72"]
[EventDate "2017.09.28"]
[EventType "team"]
[EventRounds "9"]
[EventCountry "CRO"]

1. c4 e5 2. Nc3 Nc6 3. g3 Bc5 4. Bg2 d6 5. e3 Bf5 6. Nge2 Nb4 7. Ne4 Nd3+ 8.
Kf1 Nf6 9. N2c3 O-O 10. Qe2 Nxc1 11. Rxc1 Nxe4 12. Nxe4 Bg6 13. h4 h6 14. Kg1
Bb6 15. Kh2 f5 16. Nc3 f4 17. Bxb7 Rb8 18. Be4 Bxe4 19. Nxe4 c6 20. c5 Bxc5 21.
Nxc5 dxc5 22. b3 Rb4 23. Rxc5 f3 24. Qd1 Rxh4+ 25. Kg1 Rxh1+ 26. Kxh1 Qd3 27.
Kg1 Qe2 28. Qc1 Rd8 29. Rc2 e4 30. Rxc6 Kh7 31. Rc2 Rd3 32. Rb2 h5 33. Rc2 a5
34. Rb2 h4 35. gxh4 Rd6 36. h5 Rd5 0-1

[Event "Tch-CRO 1stB Liga 2017"]
[Site "Mali Losinj"]
[Date "2017.09.28"]
[Round "1.44"]
[White "Vujakovic, Branko"]
[Black "Brzic, Roko"]
[Result "1-0"]
[WhiteElo "2355"]
[BlackElo "1942"]
[PlyCount "37"]
[EventDate "2017.09.28"]
[EventType "team"]
[EventRounds "9"]
[EventCountry "CRO"]

1. e4 b6 2. d4 Bb7 3. Nc3 e6 4. a3 Nf6 5. Bd3 c5 6. Nf3 c4 7. Bxc4 Nxe4 8. Nxe4
Bxe4 9. O-O Qc7 10. Re1 Qxc4 11. Rxe4 d5 12. Ne5 Qc7 13. Rf4 f5 14. Qh5+ g6 15.
Nxg6 hxg6 16. Qxh8 Nd7 17. Qg8 O-O-O 18. Qxe6 Bd6 19. Rh4 1-0

[Event "Tch-CRO 1stB Liga 2017"]
[Site "Mali Losinj"]
[Date "2017.09.28"]
[Round "1.45"]
[White "Dunatov, Kresimir"]
[Black "Blazeka, Matej"]
[Result "0-1"]
[WhiteElo "1906"]
[BlackElo "2325"]
[PlyCount "86"]
[EventDate "2017.09.28"]
[EventType "team"]
[EventRounds "9"]
[EventCountry "CRO"]

1. e4 d5 2. exd5 Qxd5 3. Nc3 Qa5 4. d4 Nf6 5. Bc4 c6 6. Nge2 Bf5 7. Ng3 Bg6 8.
O-O e6 9. f4 Bd6 10. f5 exf5 11. Qe2+ Kf8 12. Bf4 Bxf4 13. Rxf4 Nbd7 14. Raf1
Re8 15. Qf2 Nb6 16. Bb3 Nbd5 17. Nxd5 Nxd5 18. Bxd5 Qxd5 19. b3 f6 20. Nxf5 Kf7
21. c4 Qd7 22. Qh4 Rhf8 23. c5 Bxf5 24. Rxf5 Kg8 25. Rh5 g6 26. Rh6 f5 27. Qf2
Re4 28. Rd1 Rfe8 29. Qg3 f4 30. Qc3 Qg4 31. Qf3 Qxf3 32. gxf3 Re1+ 33. Rxe1
Rxe1+ 34. Kf2 Rd1 35. Ke2 Rxd4 36. Rh4 h5 37. a3 Kf7 38. b4 Ke6 39. Kf2 Kd5 40.
Kg2 Rd2+ 41. Kh3 Ke5 42. a4 a6 43. a5 Kf5 0-1

[Event "Tch-CRO 1stB Liga 2017"]
[Site "Mali Losinj"]
[Date "2017.09.28"]
[Round "1.46"]
[White "Brumen, Dinko"]
[Black "Malesevic, Elvino"]
[Result "1-0"]
[WhiteElo "2338"]
[BlackElo "1782"]
[PlyCount "71"]
[EventDate "2017.09.28"]
[EventType "team"]
[EventRounds "9"]
[EventCountry "CRO"]

1. e4 e5 2. Nf3 Nc6 3. Bb5 a6 4. Bxc6 dxc6 5. O-O f6 6. d4 exd4 7. Nxd4 c5 8.
Nb3 Qxd1 9. Rxd1 Bd6 10. a4 Be6 11. Be3 Bxb3 12. cxb3 Ne7 13. Nd2 Kf7 14. f4
Nc6 15. Rac1 b6 16. Nc4 Rad8 17. Kf2 Rhe8 18. Kf3 Bf8 19. g4 Rxd1 20. Rxd1 Rd8
21. Rxd8 Nxd8 22. e5 Nc6 23. Ke4 fxe5 24. f5 g6 25. Kd5 Nb4+ 26. Ke4 gxf5+ 27.
Kxf5 Bd6 28. h4 Nc6 29. h5 Ne7+ 30. Ke4 Ke6 31. h6 Nd5 32. g5 Ne7 33. Bf2 Nf5
34. Ne3 Ne7 35. Ng4 Nd5 36. g6 1-0

[Event "Tch-CRO 1stB Liga 2017"]
[Site "Mali Losinj"]
[Date "2017.09.28"]
[Round "1.51"]
[White "Indjic, Aleksandar"]
[Black "Medvegy, Zoltan"]
[Result "1-0"]
[WhiteElo "2574"]
[BlackElo "2550"]
[PlyCount "77"]
[EventDate "2017.09.28"]
[EventType "team"]
[EventRounds "9"]
[EventCountry "CRO"]

1. d4 e6 2. Nf3 Nf6 3. c4 b6 4. a3 Ba6 5. Qc2 Bb7 6. Nc3 c5 7. e4 cxd4 8. Nxd4
Bc5 9. Nf3 Nc6 10. Bf4 Nh5 11. Be3 Bxe3 12. fxe3 a6 13. O-O-O Qc7 14. Be2 Nf6
15. h3 O-O 16. g4 Na5 17. Nd2 Rfc8 18. h4 d5 19. exd5 exd5 20. g5 Nd7 21. Bd3
d4 22. exd4 Bxh1 23. Rxh1 Nf8 24. Nd5 Qd8 25. Re1 Nc6 26. Nf3 b5 27. h5 bxc4
28. Be4 Ne6 29. h6 Ncxd4 30. Bxh7+ Kf8 31. Be4 Nxc2 32. h7 Qxd5 33. Bxd5 Ke7
34. Kxc2 Rab8 35. Bxe6 fxe6 36. Ne5 Rh8 37. Rf1 Rbc8 38. Ng6+ Kd6 39. Rd1+ 1-0